000 00693cam a2200205 4500
001 D16025
008 090401t1982 xxu||||| |||| 00| 0 eng d
035 _a(Sirsi) u26619
041 _aeng
050 _a690.241
110 _aRoyal Institution of Chartered Surveyors
_94900
245 _aQuinquennial inspections of historic houses: inspection report and advisory notes approved by the Historic Buildings Council for England and Wales
260 _aLondon
_bSurveyors Publications for RICS and RIBA
_c1982
300 _a3p. 30cm
350 _a0
520 _aFiled in box RICS 1982/18 ABC
710 _aRoyal Institute of British Architects
_92527
942 _n0
948 _c04/03/1997
999 _c88956
_d88956